000 00742nam a2200217Ii 4500
003 JO-AjNU
008 230605s9999||||xx |||||||||||||| ||und||
017 _a1988/4/389
040 _aJO-AjNU
_bara
_erda
_cJO-AjNU
041 _aara
050 1 4 _aDS71.T4264 1988
100 3 _aتاذنون، عبد الحكيم,
_eauthor
_910086
245 0 0 _aالذاكرة الأولى: دراسة في التاريخ السياسي والحضاري القديم لبلاد الرافدين
250 _aط1
264 3 1 _aدمشق: دار المعرفة، 1988
300 _a234ص
336 _atext
_btxt
_2rdacontent
337 _aunmediated
_bn
_2rdamedia
338 _avolume
_bnc
_2rdacarrier
650 4 _aالعراق-تاريخ قديم
_910087
999 _aA1629
_c5197
_d5197